000 00348 a2200109 4500
001 ART_59085
005 20260410161812.0
008 260409a
245 1 0 _aLa amenaza de la inflación para la solvencia de la empresa
100 1 _aFerro, Carlos A.
773 0 _tDoctrina Societaria y Concursal
_g- N° 429 (ago. 2023)
_wREV4298
999 _c21568
_d21568